• 首页
  • 本馆介绍
  • 公告通知
  • 最新文献
  • 馆藏检索
  • 电子资源
  • 读者导购
  • 参考咨询
  • 我的图书馆
  • 登录
  • 详细信息显示
  • 放入我的书架
  • 预约/预借图书
  • 作者相关作品
  • 分类相关作品
  • 丛书相关作品
  • 出版社相关作品

书目信息

  • 表格格式
  • 工作单格式
  • 卡片格式
题名:
造纸机的计算与构造
    
 
作者: 舒赫曼 , Шухман 著 ;轻工业部 译
分册:  
出版信息: 北京   轻工业出版社  1955
页数: 254页
开本: 20cm
丛书名:
单 册:
中图分类: TS734
科图分类:
主题词: 造纸机
电子资源:
ISBN:
000 00812cam0 2200253 450
001 0105707210
005 20110331162619.0
010    @dCNY2.10
100    @a20021005d1955 em y0chiy0110 ea
101 1  @achi@crus
102    @aCN@b110000
105    @ay z 000yy
106    @ar
200 1  @a造纸机的计算与构造@9Zao Zhi Ji De;Di Ji Suan Yu Gou Zao @f(苏)苏赫曼(Ф.Г.Шухман)著@g中华人民共和国轻工业部造纸工业管理局译@b专著
210    @a北京@c轻工业出版社@d1955
215    @a254页@d20cm
304    @a著者原译:Х.Г.舒赫曼
606 0  @a造纸机
690    @aTS734@v3
701  1 @a舒赫曼@9shu he man@bФ.Г.@4著
701  1 @aШухман@bФ.Г.@4著
712 02 @a轻工业部@b造纸工业管理局@9qing gong ye bu zao zhi gong ye guan li ju@4译
801  0 @aCN@bAiZhiMarc
905    @aBZT@dTS734@e1@f1@sTS734/1
    
    造纸机的计算与构造/(苏)苏赫曼(Ф.Г.Шухман)著/中华人民共和国轻工业部造纸工业管理局译.-北京:轻工业出版社,1955
    254页;20cm
    
    
    ISBN :CNY2.10
    
●
相关链接 在五车中查询图书 在当当中查询图书 在豆瓣中查询图书


正题名:造纸机的计算与构造     索取号:TS734/1         预约/预借

序号 登录号 条形码 馆藏地/架位号 状态 备注
1 2000147791   2000147791   旧书回溯/ [索取号:TS734/1] 在馆    
山东省滨州职业学院图书馆 欢迎您!
大连网信软件有限公司© 版权所有